Online
Catalog

Lluvia amarilla : (Record no. 23466)

MARC details
000 -CABECERA
campo de control de longitud fija 00684nam a2200193 a 4500
001 - NÚMERO DE CONTROL
campo de control 000023971
005 - FECHA Y HORA DE LA ÚLTIMA TRANSACCIÓN
campo de control 20200930022618.0
008 - DATOS DE LONGITUD FIJA--INFORMACIÓN GENERAL
campo de control de longitud fija 110117s1983 ag r 000 0 spa d
020 ## - NÚMERO INTERNACIONAL ESTÁNDAR DEL LIBRO
Número Internacional Estándar del Libro 0871313499
040 ## - FUENTE DE LA CATALOGACIÓN
Centro catalogador/agencia de origen DO-SdBNP
Lengua de catalogación spa
Centro/agencia transcriptor BNPHU
082 ## - NÚMERO DE LA CLASIFICACIÓN DECIMAL DEWEY
Número de clasificación xxxxxx
Número de documento/Ítem S438l
049 ## - FONDOS LOCALES (OCLC)
Fondos de biblioteca BNGR
100 1# - ENTRADA PRINCIPAL--NOMBRE DE PERSONA
Nombre de persona Seagrave, Sterling
9 (RLIN) 49307
245 10 - MENCIÓN DE TÍTULO
Título Lluvia amarilla :
Resto del título un viaje a través del terror de la guerra química /
Mención de responsabilidad, etc. Sterling Seagrave ; traducción M. M. Prelooker.
260 ## - PUBLICACIÓN, DISTRIBUCIÓN, ETC.
Lugar de publicación, distribución, etc. Buenos Aires, Argentina :
Nombre del editor, distribuidor, etc. Troquel,
Fecha de publicación, distribución, etc. 1983.
300 ## - DESCRIPCIÓN FÍSICA
Extensión 383 p. ;
Dimensiones 22.5 cm.
534 ## - NOTA SOBRE LA VERSIÓN ORIGINAL
Encabezamiento principal del original Yellow rain. a journey through the terror of chemical warfare.
Publicación, distribución, etc. del original New York
700 1# - PUNTO DE ACCESO ADICIONAL--NOMBRE DE PERSONA
Nombre de persona Prelooker, M. M.,
Término indicativo de función/relación tr.
9 (RLIN) 49308
Holdings
Estado de retiro Estado de pérdida Restricciones de uso No para préstamo Código de colección Localización permanente Ubicación/localización actual Ubicación en estantería Fecha de adquisición Número de inventario Total de préstamos Signatura topográfica completa Código de barras Fecha visto por última vez Precio válido a partir de Tipo de ítem Koha
        Monografías: Libros y Folletos General General En catalogación 17.01.2011 LF1   xxxxxx S438l 23971-10 25.06.2020 25.06.2020 Préstamo en sala

Powered by Koha